=LDR 00000nam 2200000 4500 =001 INLIS000000000044746 =005 20131008110647 =008 ***********************************Ind** =035 ##$$a0010-101300000002668 =041 ##$$a Ind =082 ##$$a 133.32 =090 ##$$a 133.32, Dru m =100 ##$$a Drummon, Norman =245 ##$$a Membaca Masa Depan Anda Melalui Kekuatan Emosi Dan Pikiran, Norman Drummond.-- alih Bahasa, Rusli =260 ##$$a 2008 $b Yogyakarta =300 ##$$a 344 Hlm., 20 Cm =850 ##$$a NNT-CD =990 ##$$a 93410/BPAP-NTB/2014